000 01016nam a22003137a 4500
003 CHAP
005 20220329135304.0
008 971013s1975 r 00010 d
010 _a33835
011 _a34807
035 _a38923
040 _cCHAP
090 _aFolleto 9437
100 0 0 _aCutie T., Jesús.
_930758
245 _aDiffusion of hybrid corn technology
_b: the case of El Salvador : Abridged
260 _aMéxico :
_bCentro Internacional de Mejoramiento de Maíz y Trigo,
_c1975
300 _a24 p.
590 _aBATCH-UPD
_b10
_c20130110
_lUCH01
_h0219
590 _aBATCH-UPD
_b10
_c20130110
_lUCH01
_h1722
590 _aBATCH-UPD
_b10
_c20130409
_lUCH01
_h2239
590 _aBATCH-UPD
_b10
_c20130410
_lUCH01
_h1105
590 _aBATCH-UPD
_b10
_c20130914
_lUCH01
_h1133
590 _aCONVERSION
_b10
_c20130109
_lUCH01
_h1319
650 1 4 _aMaíz
_xEl Salvador.
_970937
650 1 4 _aMaíz
_xHíbridos.
_970974
901 _aBK
942 _cFOLL
949 _aFolleto 9437
_bBC
_cFOLL
_d-88989
_eTS1
_i38923
_si
999 _c33835
_d33835